|
|
|
|
| LEADER |
00000nab a2200000 a 4500 |
| 001 |
vtls000003749 |
| 003 |
SK-MaSNL |
| 005 |
20260304063310.0 |
| 008 |
250422c1978 xo 0 slo |
| 015 |
|
|
|a SNBRB19rr/mm-uuuuu
|
| 035 |
|
|
|a CL0013842
|
| 035 |
|
|
|a urn:nbn:sk:snk-abdjja
|
| 035 |
|
|
|a (urnnbn)urn:nbn:sk:snk:ar-0014gr
|
| 035 |
|
|
|a (uuid)80b54b11-012c-4614-967b-89b3efaa754c
|
| 040 |
|
|
|a SNKBUCL
|b slo
|c SNKBUCL
|e AACR2
|
| 041 |
0 |
|
|a slo
|
| 044 |
|
|
|a xo
|c SK
|
| 080 |
|
|
|a 791.4
|2 1981
|
| 100 |
1 |
|
|a Gajdošová, Monika,
|d 1923-1998
|4 aut
|9 5167
|
| 245 |
1 |
0 |
|a Sovietsky film v jubilejnom roku
|c Monika Gajdošová
|
| 300 |
|
|
|b Obr. 8.
|
| 650 |
0 |
7 |
|a sovietsky film
|2 snkbucl
|9 971636
|
| 650 |
0 |
7 |
|a sovietska kinematografia
|2 snkbucl
|9 1005393
|
| 655 |
|
7 |
|a články z novín a časopisov
|2 snkbucl
|9 267496
|
| 773 |
0 |
|
|t Film a divadlo
|g Roč. 22, č. 14 (1978), s. 8-9
|
| 850 |
|
|
|a Slovenská národná knižnica
|
| 852 |
|
|
|a Slovenská národná knižnica
|
| 954 |
|
|
|a odborná, vedecká literatúra pôvodná (slovenská)
|2 lita
|
| 958 |
|
|
|a article19
|
| 958 |
|
|
|a OND
|
| 958 |
|
|
|a EUIPO
|
| 992 |
|
|
|a RBX
|
| 999 |
|
|
|c 2742003
|d 2743933
|